Role státu v ekonomice a státní kapitalismus. Případ Singapuru

Liberalizmus, merkantilizmus a modely kapitalizmu. Rozvojový štát a štátny kapitalizmus. Ekonomika Singapuru. Úloha štátu.

Guardado en:
Detalles Bibliográficos
Autor principal: Jiránková, Martina
Otros Autores: Žamberský, Pavel
Formato: Capítulo de libro
Lenguaje:checo
Materias:
Etiquetas: Agregar Etiqueta
Sin Etiquetas, Sea el primero en etiquetar este registro!

MARC

LEADER 00000naa a2200000 4500
001 0192598
005 20231116110739.7
041 0 |a cze 
044 |a CZ 
245 1 0 |a Role státu v ekonomice a státní kapitalismus. Případ Singapuru  |c Martina Jiránková, Pavel Žamberský 
520 |a Liberalizmus, merkantilizmus a modely kapitalizmu. Rozvojový štát a štátny kapitalizmus. Ekonomika Singapuru. Úloha štátu. 
610 2 0 |a kapitalizmus 
610 2 0 |a merkantilizmus 
610 2 0 |a globalizácia 
610 2 0 |a liberalizmus 
610 2 0 |a Singapur 
610 2 0 |a teórie ekonomické 
100 1 |a Jiránková, Martina 
700 1 |a Žamberský, Pavel